Imac portable genius, fourth edition / (رقم التسجيلة. 32844)

تفاصيل مارك
000 -الفاتح
حقل البيانات ثابتة الطول 00779cam a22002655a 4500
001 - رقم الضبط
رقم الضبط 17453015
003 - محدد رقم الضبط
رقم الضبط OSt
005 - وقت وتاريخ اخر تعامل مع التسجيلة
رقم الضبط 20150408114200.0
008 - عناصر البيانات ثابتة الطول - معلومات عامة
حقل البيانات ثابتة الطول 120905s2012 inu 000 0 eng
010 ## - رقم ضبط مكتبة الكونجرس
رقم ضبط مكتبة الكونجرس 2012948642
020 ## - الرقم الدولى المعيارى للكتب
الرقم الدولى المعيارى للكتاب 9781118420638 (pbk. : alk. paper)
020 ## - الرقم الدولى المعيارى للكتب
الرقم الدولى المعيارى للكتاب 1118420632 (pbk. : alk. paper)
040 ## - مصدر الفهرسة
وكالة الفهرسة الأصلية DLC
وكالة النسخ DLC
042 ## - رمز التحقق
رمز التحقق pcc
082 ## - رقم تصنيف ديوى العشرى
رقم الطبعة 22
رقم التصنيف 004.16
رقم المادة HGI
100 1# - المدخل الرئيسى - إسم شخصى
الإسم الشخصى Hart-Davis, Guy.
245 10 - بيان العنوان
العنوان Imac portable genius, fourth edition /
بيان المسئوليه,etc Guy Hart-Davis.
250 ## - بيان الطبعة
بيان الطبعة 1st ed.
260 ## - PUBLICATION, DISTRIBUTION, ETC. (IMPRINT)
مكان الناشر او الموزع Indianapolis, IN :
اسم الناشر او الموزع Wiley Pub. Inc.,
تاريخ النشر أو التوزيع 2012.
263 ## - تاريخ النشر المتوقع
تاريخ النشر المتوقع 1209
300 ## - الوصف المادى
التعداد p. cm.
906 ## - عنصر بيانات محلى F, LDF (RLIN)
a 0
b ibc
c orignew
d 2
e epcn
f 20
g y-gencatlg
942 ## - عناصر المدخل الإضافي( كوها)
مصدر التصنيف او مخطط الترفيف Dewey Decimal Classification
Koha [default] item type كتاب
المقتنيات
حالة الفقد نموذج السعر الفعال حالة تلف ليس للاعارة رقم الطلب تاريخ الاكتساب الموقع الحالي الفرع الرئيسي Date last seen نوع المادة فى نظام كوها مصدر التصنيف او خطة الترفيف Total Checkouts
  2014-01-05     004.16 HGI 2014-01-05 المكتبة المركزية بالمجمعة (CL) المكتبة المركزية بالمجمعة (CL) 2014-01-05 كتاب Dewey Decimal Classification